| 000 | 00637nam a2200229Ia 4500 | ||
|---|---|---|---|
| 003 | St Aloysius Coll | ||
| 005 | 20250712143411.0 | ||
| 008 | 210423s2005 xx 000 0 und d | ||
| 020 | _a8178295970 | ||
| 040 | _cAL | ||
| 041 | _aEnglish | ||
| 082 |
_a070.4 _bSHEP |
||
| 100 |
_aKerry Shephard _9218502 |
||
| 245 | _aPresenting at conferences seminars and meetings | ||
| 260 |
_aNew Delhi _bResponse Books _c2005 |
||
| 300 |
_bxiv,166p. _aPB _c24.5x18cm. |
||
| 365 |
_b280 _cINR |
||
| 650 |
_aJournalism _9218503 |
||
| 650 |
_aJournalism & Media _9218504 |
||
| 906 | _aconferences ; meetings ; seminars | ||
| 942 |
_2ddc _cBK |
||
| 999 |
_c155443 _d155443 |
||